Statistiques concernant Culture Générale - Série 1366

Cliquez ici pour prendre le quiz!

Statistiques générales

  • Ce quiz a été pris 54 fois
  • Le résultat moyen est 7 sur 10

Statistiques - réponses

QuestionRéponse% Correct
Comment appelle-t-on le petit du dindon ?dindonneau
92%
Complétez le titre du film réalisé en 1957 par David Lean"Le pont de la rivière ...Kwaï
92%
Quelle abeille, héroïne d'un dessin animé, a pour amis Willy et Flip la sauterelle ?Maya
92%
Comme son nom l'indique, quel instrument de musique est, comme le luth, le symbole de la poésie lyrique ?lyre
74%
De quel pays l'archipel des Açores est-il une région autonome?Portugal
74%
Quelle cycliste a été 57 fois championne de France ?Jeannie Longo
70%
Quel écologiste, leader de la Confédération paysanne et co-fondateur du mouvement Attac, fut condamné pour avoir détruit un fast-food en août 1999 ?José Bové
64%
Sous la plume de quel écrivain est né “Le Petit Chose” en 1868 ?Alphonse Daudet
48%
De quel empereur romain Marguerite Yourcenar a-t-elle écrit les “Mémoires” dans son roman historique de 1951 ?Hadrien
46%
Dans la mythologie grecque, comment appelle-t-on les trois déesses de la Vengeance assimilées aux Furies par les Romains ?Érinyes
8%

Distribution des résultats

Percentile par nombre de réponses

% des personnes avec chaque résultat

Votre développement - résultats

Vous n’avez pas pris ce quiz